00623 2200253 4500001002100000005001700021008004100038020001800079035002400097082001000121090001700131100001400148245004500162250001000207260002800217300002500245500001100270650002400281850001500305980001300320985000600333999001500339999001500354YOGYA-0209000003280120090227024721.0 ind  a979-403-030-9 0010-020900000032801 a959.8 a959.8bOng R aONGHOKHAM aRuntuhnya Hindia Belandacoleh Onghokham aCet.1 aJakartabGramediac1987 aviii, 287 hlmc21 cm aIndeks aIndonesia - Sejarah aYOPDYOG(B) a25-01-07 a2 a06A0015077 a06A0015078